Runaway Bunny Quiz Stats

 Plays Quiz not verified by Sporcle

Challenge
Share
Tweet
Embed
Score 0/15 Timer 03:00
0 Plays Today
% Correct
Mountain Climber
100%
Bunny
90.9%
Tree
86.4%
Mother
81.8%
Fisherman
77.3%
Rock
77.3%
Wind
77.3%
Circus Performer
77.3%
% Correct
Sailboat
72.7%
Crocus
68.2%
Gardener
68.2%
Bird
68.2%
Boy
68.2%
Fish
63.6%
Tightrope Walker
63.6%

You're not logged in!

Compare scores with friends on all Sporcle quizzes.
OR
Log In

You Might Also Like...

Show Comments

Extras

Top Quizzes Today


Score Distribution

Your Account Isn't Verified!

In order to create a playlist on Sporcle, you need to verify the email address you used during registration. Go to your Sporcle Settings to finish the process.

Report this User

Report this user for behavior that violates our Community Guidelines.

Details: